| 000 | 00875nam a22003017a 4500 | ||
|---|---|---|---|
| 003 | CHAP | ||
| 005 | 20220329141458.0 | ||
| 008 | 971013s1987 r 00010 d | ||
| 010 | _a68812 | ||
| 011 | _a69784 | ||
| 035 | _a79262 | ||
| 040 | _cCHAP | ||
| 082 |
_a635.9 _bS35Y |
||
| 100 | 0 | 0 |
_aSamson, Isabelle. _9101934 |
| 245 | _aCómo crear y cuidar su bonsai | ||
| 260 |
_aBarcelona : _bOmega, _c1987 |
||
| 300 |
_a168 p. _b: ilus. |
||
| 500 | _a31-209 | ||
| 590 |
_aBATCH-UPD _b10 _c20130110 _lUCH01 _h0449 |
||
| 590 |
_aBATCH-UPD _b10 _c20130410 _lUCH01 _h0125 |
||
| 590 |
_aBATCH-UPD _b10 _c20130914 _lUCH01 _h0657 |
||
| 590 |
_aCONVERSION _b10 _c20130109 _lUCH01 _h1338 |
||
| 650 | 1 | 4 |
_aBonsai. _913751 |
| 700 | 0 |
_aSamson, Rémy. _9101937 |
|
| 901 | _aBK | ||
| 942 | _cLIBRO | ||
| 949 |
_a635.9 S35y _bBC _cLIBRO _d33724000904009 _eLIBRO _gI.145749 _h75423 _i79262 _si _t135.20 |
||
| 999 |
_c68812 _d68812 |
||